Biblioteca

Hacia un hogar cristiano / Marta B. Leavell ; Jaime C. Quarles, Traductor (Registro nro. 32572)

Detalles MARC
000 -LÍDER
Campo fijo de descripción fija 008920000a22001930004500
041 0# - CÓDIGO DE IDIOMA
Código de idioma para texto/pista de sonido o título separado
082 04 - NÚMERO DE CLASIFICACIÓN DECIMAL DEWEY
Número de clasificación G 173 L4391h
001 - NÚMERO DE CONTROL
Campo de control 1249
100 1# - ASIENTO PRINCIPAL--NOMBRE PERSONAL
Nombre personal Leavell, Marta B. (Boone) (1894-)
245 10 - TÍTULO
Título del Material Hacia un hogar cristiano / Marta B. Leavell ; Jaime C. Quarles, Traductor
260 ## - PUBLICACIÓN, DISTRIBUCIÓN, ETC. (PIE DE IMPRENTA)
Lugar de publicación, distribución, etc. El Paso, TX., USA : Casa Bautista de Publicaciones
300 ## - DESCRIPCIÓN FÍSICA
Extensión 160 Pag.
336 ## - CONTENT TYPE
Content type term texto
Content type code txt
Source rdacontent
337 ## - MEDIA TYPE
Source rdamedia
Media type term sin mediación
Media type code n
338 ## - CARRIER TYPE
Source rdacarrier
Carrier type term volumen
Carrier type code nc
505 00 - NOTA DE CONTENIDO
Nota de contenido con formato preestablecido Guía para estudio del libro --- el significado del hogar -- la religión en el hogar -- la autoridad en el hogar -- el culto en el hogar -- la biblia en la enseñanza de los niños -- la biblia y los problemas de la juventud -- la cooperación del hogar con la iglesia -- el hogar y el mundo de afuera -- preguntas para el repaso y examen
650 14 - ASIENTO SECUNDARIO DE MATERIA - TERMINO TEMÁTICO
Término temático o nombre geográfico como elemento de entrada FAMILIA - VIDA RELIGIOSA
942 ## - TIPO DE MATERIAL (KOHA)
Tipo de Item KOHA Libros General
Existencias
Estado de Material Estado de Perdido Estado de Dañado No para Préstamo Colección Tomo Biblioteca de Origen Biblioteca Permanente Fecha de Adquisición Total de Préstamos Signatura Topográfica Código de Barras Última vez visto Ejemplar/Existencia Fecha de Remplazo Tipo de Material
        Colección General   Biblioteca FUSBC Biblioteca FUSBC 12/10/2004   G 173 L4391h 695 12/12/2019 1 26/01/2016 Libros General
        Colección General   Biblioteca FUSBC Biblioteca FUSBC 12/10/2004   G 173 L4391h 696 12/12/2019 2 26/01/2016 Libros General

Biblioteca FUSBC | Teléfono: (57+4) 349 88 10 Ext. 141| WhatsApp (+57) 3005338115 
E-mail: biblioteca@unisbc.edu.co | Calle 76 87-14 Robledo Palenque, Medellín, Colombia

Con tecnología Koha